<?xml version="1.0" encoding="UTF-8"?>
<record
    xmlns:xsi="http://www.w3.org/2001/XMLSchema-instance"
    xsi:schemaLocation="http://www.loc.gov/MARC21/slim http://www.loc.gov/standards/marcxml/schema/MARC21slim.xsd"
    xmlns="http://www.loc.gov/MARC21/slim">

  <leader>01051nam a22002657a 4500</leader>
  <controlfield tag="003">OSt</controlfield>
  <controlfield tag="005">20180903071503.0</controlfield>
  <controlfield tag="008">180220b        xxu||||| |||| 00| 0 spa d</controlfield>
  <datafield tag="020" ind1=" " ind2=" ">
    <subfield code="a">9502006690</subfield>
  </datafield>
  <datafield tag="040" ind1=" " ind2=" ">
    <subfield code="c">PJ</subfield>
  </datafield>
  <datafield tag="100" ind1=" " ind2=" ">
    <subfield code="9">1939</subfield>
    <subfield code="a">Eisner, Isidoro</subfield>
  </datafield>
  <datafield tag="245" ind1="1" ind2="3">
    <subfield code="a">La prueba en el proceso civil /</subfield>
    <subfield code="c">Isidoro Eisner; pr&#xF3;logo del Dr. Salvador Alvarez Alonso.</subfield>
  </datafield>
  <datafield tag="250" ind1=" " ind2=" ">
    <subfield code="a">2a. ed. act.</subfield>
  </datafield>
  <datafield tag="260" ind1=" " ind2=" ">
    <subfield code="a">Buenos Aires :</subfield>
    <subfield code="c">Abeledo-Perrot,</subfield>
    <subfield code="b">1992.</subfield>
  </datafield>
  <datafield tag="300" ind1=" " ind2=" ">
    <subfield code="a">140 p.</subfield>
    <subfield code="c">23 cm.</subfield>
  </datafield>
  <datafield tag="500" ind1=" " ind2=" ">
    <subfield code="a">Notas y citas bibliogr&#xE1;ficas a pie de p&#xE1;gina.</subfield>
  </datafield>
  <datafield tag="505" ind1=" " ind2=" ">
    <subfield code="a">Contenido:
Concepto de la prueba -- El objeto de la prueba -- La carga de la prueba -- Apreciaci&#xF3;n de la prueba -- Palabras finales. Digresiones dialogadas -- Sobre principios rectores del proceso civil.</subfield>
  </datafield>
  <datafield tag="650" ind1=" " ind2="0">
    <subfield code="9">1148</subfield>
    <subfield code="a">DERECHO PROCESAL CIVIL</subfield>
  </datafield>
  <datafield tag="650" ind1=" " ind2="0">
    <subfield code="9">1947</subfield>
    <subfield code="a">ETAPA PROBATORIA</subfield>
  </datafield>
  <datafield tag="650" ind1=" " ind2="0">
    <subfield code="9">1977</subfield>
    <subfield code="a">APRECIACION DE LA PRUEBA</subfield>
  </datafield>
  <datafield tag="650" ind1=" " ind2="0">
    <subfield code="9">1975</subfield>
    <subfield code="a">PRUEBA</subfield>
  </datafield>
  <datafield tag="650" ind1=" " ind2="0">
    <subfield code="9">1971</subfield>
    <subfield code="a">MEDIOS DE PRUEBA</subfield>
  </datafield>
  <datafield tag="700" ind1=" " ind2=" ">
    <subfield code="9">1978</subfield>
    <subfield code="a">Alvarez Alonso, Salvador</subfield>
    <subfield code="e">prologuista</subfield>
  </datafield>
  <datafield tag="942" ind1=" " ind2=" ">
    <subfield code="2">udc</subfield>
    <subfield code="c">LIB</subfield>
    <subfield code="h">347.94</subfield>
    <subfield code="i">KIE</subfield>
  </datafield>
  <datafield tag="999" ind1=" " ind2=" ">
    <subfield code="c">1319</subfield>
    <subfield code="d">1319</subfield>
  </datafield>
  <datafield tag="952" ind1=" " ind2=" ">
    <subfield code="0">0</subfield>
    <subfield code="1">0</subfield>
    <subfield code="2">udc</subfield>
    <subfield code="4">0</subfield>
    <subfield code="7">0</subfield>
    <subfield code="a">DJS</subfield>
    <subfield code="b">DJS</subfield>
    <subfield code="d">2018-09-03</subfield>
    <subfield code="o">347.94 EIS</subfield>
    <subfield code="p">0424</subfield>
    <subfield code="r">2018-09-03</subfield>
    <subfield code="w">2018-09-03</subfield>
    <subfield code="y">LIB</subfield>
  </datafield>
  <datafield tag="952" ind1=" " ind2=" ">
    <subfield code="0">0</subfield>
    <subfield code="1">0</subfield>
    <subfield code="2">udc</subfield>
    <subfield code="4">0</subfield>
    <subfield code="7">0</subfield>
    <subfield code="a">DJN</subfield>
    <subfield code="b">DJN</subfield>
    <subfield code="d">2018-09-03</subfield>
    <subfield code="o">347.94 EIS</subfield>
    <subfield code="p">RG 4132</subfield>
    <subfield code="r">2024-12-01</subfield>
    <subfield code="w">2018-09-03</subfield>
    <subfield code="y">LIB</subfield>
  </datafield>
</record>
